| 000 | 00573nam a2200181Ia 4500 | ||
|---|---|---|---|
| 008 | 100917s9999 xx 000 0 und d | ||
| 082 | _b26845 | ||
| 100 | _aनिरंतर गं. भा. | ||
| 245 | _aग्रंथांच्या सहवासांत | ||
| 260 | _bवि. वा. हडप | ||
| 300 | _a108 | ||
| 365 | _b2 | ||
| 520 | _aनिबंध | ||
| 630 | _aग्रंथांच्या सहवासांत | ||
| 650 | _aनिबंध | ||
| 730 | _aग्रंथांच्या सहवासांत | ||
| 942 | _cBOOK | ||
| 999 |
_c632239 _d632236 |
||